[Event "2do ITT 54 Aniversario Villa Martelli"]
[Site "Villa Martelli, Bs As"]
[Date "2008.07.21"]
[Round "7"]
[White "Ibar, Marcelo"]
[Black "Arns, Arthur Bartman"]
[Result "1-0"]
[WhiteElo "2293"]
[BlackElo "2204"]
[PlyCount "63"]
[EventDate "2008.07.17"]
[SourceDate "2008.07.22"]

1. d4 b6 2. e4 Bb7 3. Bd3 g6 4. Nf3 d6 5. O-O Bg7 6. h3 Nf6 7. e5 dxe5 8. dxe5
Ne4 9. Qe2 Nc5 10. Bc4 O-O 11. Bg5 Re8 12. Nc3 Ba6 13. b4 Bxc4 14. Qxc4 Ne6 15.
Rad1 Qc8 16. Nd5 Bf8 17. Rd3 c6 18. Ne3 h6 19. Bh4 Qa6 20. Qe4 Qxa2 21. Nh2 Nc7
22. f4 e6 23. g4 Nd5 24. f5 g5 25. fxe6 Rxe6 26. Nxd5 cxd5 27. Qf5 Re7 28. Bxg5
hxg5 29. Qxg5+ Kh8 30. Qf6+ Kg8 31. Rf5 Qb1+ 32. Nf1 1-0

[Event "2do ITT 54 Aniversario Villa Martelli"]
[Site "Villa Martelli, Bs As"]
[Date "2008.07.21"]
[Round "7"]
[White "Gonzalez, Bolivar Ribeiro"]
[Black "Borges da Silva, Rodrigo"]
[Result "1-0"]
[WhiteElo "2265"]
[BlackElo "2278"]
[PlyCount "57"]
[EventDate "2008.07.17"]
[SourceDate "2008.07.22"]

1. e4 c5 2. Nf3 d6 3. c3 Nf6 4. Bd3 Nc6 5. Bc2 Bg4 6. h3 Bh5 7. d3 e5 8. Nbd2
Be7 9. Nf1 Bg6 10. Ng3 Nh5 11. a4 Nxg3 12. fxg3 O-O 13. Bb3 Kh8 14. g4 f6 15.
O-O Bf7 16. Bxf7 Rxf7 17. Ng5 Rf8 18. Ne6 Qd7 19. Nxf8 Rxf8 20. Qb3 Nd8 21. a5
Ne6 22. a6 b6 23. Qd5 Rb8 24. g5 Nc7 25. Qf7 Qe8 26. Qxe8+ Rxe8 27. gxf6 Bxf6
28. g4 h6 29. Bxh6 1-0

[Event "2do ITT 54 Aniversario Villa Martelli"]
[Site "Villa Martelli, Bs As"]
[Date "2008.07.21"]
[Round "7"]
[White "Pacheco, Marco"]
[Black "Molina, Roberto Junio Brito"]
[Result "1/2-1/2"]
[WhiteElo "2405"]
[BlackElo "2402"]
[PlyCount "20"]
[EventDate "2008.07.17"]
[SourceDate "2008.07.22"]

1. d4 d5 2. Nf3 e6 3. c4 Nf6 4. g3 Bb4+ 5. Bd2 Be7 6. Bg2 O-O 7. O-O c6 8. Qc2
Nbd7 9. Bf4 Nh5 10. Bd2 Nhf6 1/2-1/2

[Event "2do ITT 54 Aniversario Villa Martelli"]
[Site "Villa Martelli, Bs As"]
[Date "2008.07.21"]
[Round "7"]
[White "Perez Ponsa, Federico"]
[Black "Perdomo, Carlos Andres"]
[Result "1-0"]
[WhiteElo "2326"]
[BlackElo "2349"]
[PlyCount "75"]
[EventDate "2008.07.17"]
[SourceDate "2008.07.22"]

1. e4 c5 2. Nf3 e6 3. d4 cxd4 4. Nxd4 a6 5. Nc3 Qc7 6. Be2 Nf6 7. O-O Nc6 8.
Be3 Ne5 9. f4 Nc4 10. Bxc4 Qxc4 11. e5 Nd5 12. Nxd5 Qxd5 13. c4 Qe4 14. Qd2 Bb4
15. Qf2 d5 16. cxd5 Qxd5 17. Rad1 Qc4 18. Rc1 Qxa2 19. Nc2 Be7 20. Bc5 Bxc5 21.
Qxc5 Qd5 22. Qa3 Qd7 23. Ne3 Qe7 24. Qxe7+ Kxe7 25. Rc7+ Bd7 26. Rd1 Rhd8 27.
Nc4 Rac8 28. Rdxd7+ Rxd7 29. Rxc8 Rd1+ 30. Kf2 Rc1 31. Nd6 Rxc8 32. Nxc8+ Kd7
33. Nd6 f6 34. Ke3 fxe5 35. fxe5 Kc6 36. Kd4 b5 37. b4 Kb6 38. Ne8 1-0

[Event "2do ITT 54 Aniversario Villa Martelli"]
[Site "Villa Martelli, Bs As"]
[Date "2008.07.22"]
[Round "8"]
[White "Molina, Roberto Junio Brito"]
[Black "Perez Ponsa, Federico"]
[Result "1/2-1/2"]
[WhiteElo "2402"]
[BlackElo "2326"]
[PlyCount "21"]
[EventDate "2008.07.17"]
[SourceDate "2008.07.22"]

1. e4 c5 2. Nf3 d6 3. d4 cxd4 4. Nxd4 Nf6 5. Nc3 a6 6. Be2 e5 7. Nb3 Be7 8. O-O
O-O 9. a4 Be6 10. f4 exf4 11. Bxf4 1/2-1/2

[Event "2do ITT 54 Aniversario Villa Martelli"]
[Site "Villa Martelli, Bs As"]
[Date "2008.07.22"]
[Round "8"]
[White "Borges da Silva, Rodrigo"]
[Black "Pacheco, Marco"]
[Result "0-1"]
[WhiteElo "2278"]
[BlackElo "2405"]
[PlyCount "88"]
[EventDate "2008.07.17"]
[SourceDate "2008.07.22"]

1. e4 e6 2. d4 d5 3. e5 c5 4. c3 Nc6 5. Nf3 Qb6 6. a3 c4 7. Nbd2 Na5 8. g3 Bd7
9. h4 O-O-O 10. Bh3 f5 11. O-O Be7 12. Ne1 Nh6 13. Ng2 Nf7 14. Nf4 Rdg8 15. Nf3
g6 16. Bg2 Nd8 17. Be3 h6 18. h5 g5 19. Ng6 Rh7 20. Nxe7+ Rxe7 21. Rb1 Nb3 22.
Nd2 Ba4 23. Qe2 Nxd2 24. Qxd2 Qb3 25. f4 g4 26. Kf2 Nc6 27. Rfc1 Na5 28. Rh1
Rc7 29. Bf1 Qc2 30. Qxc2 Bxc2 31. Rc1 Be4 32. Bg2 Bxg2 33. Kxg2 Nb3 34. Rc2 b5
35. Rb1 a5 36. Bf2 b4 37. axb4 axb4 38. Be1 Ra7 39. Kf2 Kb7 40. Ke3 Rga8 41.
cxb4 Ra1 42. Rxa1 Rxa1 43. Bc3 Kc6 44. Kf2 Kb5 0-1

[Event "2do ITT 54 Aniversario Villa Martelli"]
[Site "Villa Martelli, Bs As"]
[Date "2008.07.22"]
[Round "8"]
[White "Filgueira, Hernan"]
[Black "Gonzalez, Bolivar Ribeiro"]
[Result "1/2-1/2"]
[WhiteElo "2330"]
[BlackElo "2265"]
[PlyCount "20"]
[EventDate "2008.07.17"]
[SourceDate "2008.07.22"]

1. d4 Nf6 2. Nf3 d5 3. c4 c6 4. cxd5 cxd5 5. Nc3 Nc6 6. Bf4 e6 7. e3 Bd6 8. Bg3
O-O 9. Bd3 Re8 10. O-O e5 1/2-1/2

[Event "2do ITT 54 Aniversario Villa Martelli"]
[Site "Villa Martelli, Bs As"]
[Date "2008.07.22"]
[Round "8"]
[White "Arns, Arthur Bartman"]
[Black "Mareco, Sandro"]
[Result "0-1"]
[WhiteElo "2204"]
[BlackElo "2477"]
[PlyCount "72"]
[EventDate "2008.07.17"]
[SourceDate "2008.07.22"]

1. d4 Nf6 2. Nf3 e6 3. Bg5 h6 4. Bh4 b6 5. Nbd2 Bb7 6. c3 Be7 7. Bxf6 Bxf6 8.
e4 d6 9. Qa4+ c6 10. e5 Be7 11. Ne4 d5 12. Ng3 O-O 13. Bd3 c5 14. O-O Nc6 15.
Rac1 Qd7 16. Ba6 Rfc8 17. Ne2 Rab8 18. Bxb7 Rxb7 19. Qd1 a5 20. Ne1 b5 21. f4
b4 22. g4 bxc3 23. bxc3 Rbc7 24. Nd3 cxd4 25. cxd4 Nb4 26. a3 Nc2 27. Nc5 Rxc5
28. dxc5 Bxc5+ 29. Kh1 Ne3 30. Qd3 Nxf1 31. Rxf1 Qa4 32. Rf3 Rb8 33. Ng3 Qd4
34. Ne2 Qa1+ 35. Kg2 Rb2 36. Kh3 Qa2 0-1

[Event "2do ITT 54 Aniversario Villa Martelli"]
[Site "Villa Martelli, Bs As"]
[Date "2008.07.23"]
[Round "9"]
[White "Gonzalez, Bolivar Ribeiro"]
[Black "Arns, Arthur Bartman"]
[Result "0-1"]
[WhiteElo "2265"]
[BlackElo "2204"]
[PlyCount "80"]
[EventDate "2008.07.17"]
[SourceDate "2008.07.22"]

1. d4 g6 2. c4 Bg7 3. Nc3 d6 4. e4 Nc6 5. d5 Nd4 6. Be3 e5 7. Nge2 Nxe2 8. Bxe2
f5 9. f3 Nf6 10. O-O O-O 11. b4 Rf7 12. c5 f4 13. Bf2 Bf8 14. Rc1 g5 15. Rc2
Rg7 16. a3 g4 17. fxg4 Nxg4 18. cxd6 Nxf2 19. Rxf2 cxd6 20. Bf3 Bd7 21. Qd3 Qb6
22. Kh1 Be7 23. Rf1 Bh4 24. Rfc1 Kh8 25. a4 Rag8 26. a5 Qxb4 27. Rb1 Qxa5 28.
Rxb7 Bd8 29. Rb1 Bb6 30. Ne2 Bg4 31. Bxg4 Rxg4 32. Ng1 Qa4 33. Nf3 Qd7 34. Qe2
Be3 35. Ne1 a5 36. Qb5 Qg7 37. Qxa5 f3 38. Nxf3 Rxg2 39. Qa2 Rg1+ 40. Nxg1
Qxg1+ 0-1

[Event "2do ITT 54 Aniversario Villa Martelli"]
[Site "Villa Martelli, Bs As"]
[Date "2008.07.23"]
[Round "9"]
[White "Pacheco, Marco"]
[Black "Filgueira, Hernan"]
[Result "1/2-1/2"]
[WhiteElo "2405"]
[BlackElo "2330"]
[PlyCount "29"]
[EventDate "2008.07.17"]
[SourceDate "2008.07.22"]

1. d4 f5 2. Nf3 Nf6 3. g3 g6 4. Bg2 Bg7 5. O-O O-O 6. c4 d6 7. Nc3 Nc6 8. d5
Na5 9. Qa4 c5 10. dxc6 Nxc6 11. Rd1 Bd7 12. c5 dxc5 13. Qc4+ Kh8 14. Qxc5 Qe8
15. Nd4 1/2-1/2

[Event "2do ITT 54 Aniversario Villa Martelli"]
[Site "Villa Martelli, Bs As"]
[Date "2008.07.23"]
[Round "9"]
[White "Perez Ponsa, Federico"]
[Black "Borges da Silva, Rodrigo"]
[Result "1-0"]
[WhiteElo "2326"]
[BlackElo "2278"]
[PlyCount "29"]
[EventDate "2008.07.17"]
[SourceDate "2008.07.22"]

1. e4 c5 2. Nf3 d6 3. d4 cxd4 4. Nxd4 Nf6 5. Nc3 a6 6. Bg5 e6 7. f4 h6 8. Bh4
Nbd7 9. Qf3 e5 10. Nf5 exf4 11. Bxf6 Nxf6 12. O-O-O g6 13. e5 Bxf5 14. exf6
Qxf6 15. Re1+ 1-0

[Event "2do ITT 54 Aniversario Villa Martelli"]
[Site "Villa Martelli, Bs As"]
[Date "2008.07.23"]
[Round "10"]
[White "Borges da Silva, Rodrigo"]
[Black "Perdomo, Carlos Andres"]
[Result "1/2-1/2"]
[WhiteElo "2278"]
[BlackElo "2349"]
[PlyCount "21"]
[EventDate "2008.07.17"]
[SourceDate "2008.07.22"]

1. e4 e5 2. Nf3 Nc6 3. Bb5 a6 4. Ba4 Nf6 5. O-O b5 6. Bb3 Be7 7. Re1 O-O 8. c3
d5 9. exd5 Nxd5 10. Nxe5 Nxe5 11. Rxe5 1/2-1/2

[Event "2do ITT 54 Aniversario Villa Martelli"]
[Site "Villa Martelli, Bs As"]
[Date "2008.07.23"]
[Round "10"]
[White "Filgueira, Hernan"]
[Black "Perez Ponsa, Federico"]
[Result "1/2-1/2"]
[WhiteElo "2330"]
[BlackElo "2326"]
[PlyCount "25"]
[EventDate "2008.07.17"]
[SourceDate "2008.07.22"]

1. e4 c5 2. Nf3 d6 3. d4 cxd4 4. Nxd4 Nf6 5. Nc3 a6 6. Be3 e5 7. Nf3 Be7 8. Bc4
Be6 9. Bb3 O-O 10. O-O Qc7 11. h3 Rc8 12. Bxe6 fxe6 13. Ng5 1/2-1/2

[Event "2do ITT 54 Aniversario Villa Martelli"]
[Site "Villa Martelli, Bs As"]
[Date "2008.07.23"]
[Round "10"]
[White "Arns, Arthur Bartman"]
[Black "Pacheco, Marco"]
[Result "0-1"]
[WhiteElo "2204"]
[BlackElo "2405"]
[PlyCount "40"]
[EventDate "2008.07.17"]
[SourceDate "2008.07.22"]

1. g3 d5 2. Bg2 Nf6 3. Nf3 c6 4. d4 Bg4 5. Ne5 Bh5 6. O-O e6 7. b3 Nbd7 8. Bb2
Be7 9. Nd2 O-O 10. h3 Nxe5 11. dxe5 Nd7 12. g4 Bg6 13. e4 f6 14. f4 fxe5 15.
fxe5 Qc7 16. Qe2 Bg5 17. Nf3 Bf4 18. Nh4 Bxe5 19. Nxg6 hxg6 20. c4 dxc4 0-1

[Event "2do ITT 54 Aniversario Villa Martelli"]
[Site "Villa Martelli, Bs As"]
[Date "2008.07.23"]
[Round "10"]
[White "Ibar, Marcelo"]
[Black "Mareco, Sandro"]
[Result "1-0"]
[WhiteElo "2293"]
[BlackElo "2477"]
[PlyCount "109"]
[EventDate "2008.07.17"]
[SourceDate "2008.07.22"]

1. d4 Nf6 2. Nf3 e6 3. g3 d5 4. Bg2 Be7 5. O-O O-O 6. c4 c6 7. Qc2 b6 8. Nbd2
Ba6 9. b3 Nbd7 10. Bb2 Rc8 11. Rac1 c5 12. Qb1 b5 13. cxd5 Nxd5 14. dxc5 Nxc5
15. Rfd1 Qb6 16. Bd4 Bf6 17. Bxc5 Rxc5 18. Rxc5 Qxc5 19. Ne4 Qe7 20. Nxf6+ Qxf6
21. Qd3 Rc8 22. h4 h6 23. Qd4 Qxd4 24. Nxd4 Nc3 25. Rd2 Rd8 26. Rc2 b4 27. Nc6
Nxe2+ 28. Kh2 Nd4 29. Nxd4 Rxd4 30. Rc7 Rd2 31. Rxa7 Rxa2 32. Bb7 Rxf2+ 33. Kg1
Rf1+ 34. Kg2 Bxb7+ 35. Kxf1 Bd5 36. Ra4 Bxb3 37. Rxb4 Bd5 38. Kf2 g6 39. Ke3
Kg7 40. Rb8 Kf6 41. Rh8 h5 42. Rd8 Kf5 43. Rd7 Kf6 44. Rd6 Ba2 45. Kf4 Ke7 46.
Rd2 Bc4 47. Rd4 Bd5 48. Kg5 Kd6 49. Kf6 e5 50. Rd2 e4 51. Rd1 Kc5 52. Ke5 f6+
53. Kxf6 e3 54. Ke5 Bb3 55. Re1 1-0

[Event "2do ITT 54 Aniversario Villa Martelli"]
[Site "Villa Martelli, Bs As"]
[Date "2008.07.24"]
[Round "11"]
[White "Gonzalez, Bolivar Ribeiro"]
[Black "Ibar, Marcelo"]
[Result "1/2-1/2"]
[WhiteElo "2265"]
[BlackElo "2293"]
[PlyCount "24"]
[EventDate "2008.07.17"]
[SourceDate "2008.07.22"]

1. e4 e5 2. d4 exd4 3. Qxd4 Nc6 4. Qe3 Nf6 5. Nc3 Bb4 6. Bd2 O-O 7. O-O-O Re8
8. Bc4 d6 9. f3 Be6 10. Bxe6 Rxe6 11. Qf2 Bc5 12. Qf1 Ne5 1/2-1/2

[Event "2do ITT 54 Aniversario Villa Martelli"]
[Site "Villa Martelli, Bs As"]
[Date "2008.07.24"]
[Round "11"]
[White "Pacheco, Marco"]
[Black "Real de Azua, Ernesto"]
[Result "1/2-1/2"]
[WhiteElo "2405"]
[BlackElo "2429"]
[PlyCount "27"]
[EventDate "2008.07.17"]
[SourceDate "2008.07.22"]

1. d4 d5 2. c4 c6 3. cxd5 cxd5 4. Nf3 Nf6 5. Nc3 Nc6 6. Bf4 a6 7. Rc1 Bf5 8. e3
Rc8 9. Bd3 Bxd3 10. Qxd3 e6 11. O-O Be7 12. Ne5 O-O 13. Ne2 Nxe5 14. Bxe5
1/2-1/2

[Event "2do ITT 54 Aniversario Villa Martelli"]
[Site "Villa Martelli, Bs As"]
[Date "2008.07.24"]
[Round "11"]
[White "Perez Ponsa, Federico"]
[Black "Arns, Arthur Bartman"]
[Result "1/2-1/2"]
[WhiteElo "2326"]
[BlackElo "2204"]
[PlyCount "88"]
[EventDate "2008.07.17"]
[SourceDate "2008.07.22"]

1. e4 d5 2. exd5 Qxd5 3. Nc3 Qa5 4. d4 Nf6 5. Nf3 Bf5 6. Ne5 c6 7. Nc4 Qd8 8.
Be2 e6 9. g4 Bg6 10. h4 Ne4 11. Ne5 Bb4 12. Rh3 f6 13. Nxg6 hxg6 14. Qd3 f5 15.
h5 Nd7 16. gxf5 gxf5 17. a3 Qa5 18. Qc4 Bxc3+ 19. bxc3 O-O-O 20. Qb4 Qc7 21. f3
Ng3 22. Bg5 Rde8 23. f4 Nxe2 24. Kxe2 Nf6 25. Bxf6 gxf6 26. Rf1 Qg7 27. Rhf3
Rxh5 28. Kd2 Rh2+ 29. Kc1 Qe7 30. Qb3 Qd6 31. Rd3 Rg8 32. Kb1 Rgg2 33. Rc1 b6
34. c4 Kc7 35. d5 e5 36. c5 bxc5 37. dxc6 Qxc6 38. Qf7+ Kc8 39. Rcd1 Qb7+ 40.
Qxb7+ Kxb7 41. Rd7+ Kc6 42. c4 Rb2+ 43. Ka1 Ra2+ 44. Kb1 Rab2+ 1/2-1/2